[Event "World Rapid Final"]
[Site "Astana KAZ"]
[Date "2012.07.07"]
[Round "7"]
[White "Gelfand,B"]
[Black "Carlsen,M"]
[Result "1/2-1/2"]
[WhiteElo "2738"]
[BlackElo "2837"]

1.d4 Nf6 2.c4 e6 3.Nf3 d5 4.Nc3 Be7 5.Bf4 O-O 6.e3 b6 7.Bd3 dxc4 8.Bxc4 Bb7
9.O-O c5 10.dxc5 Qxd1 11.Rfxd1 Bxc5 12.Nb5 Nbd7 13.Nd6 Bd5 14.Bb5 Nh5 15.Bxd7 Nxf4
16.Nb5 Rad8 17.exf4 Rxd7 18.Ne5 Rb7 19.Nc3 f6 20.Nd3 Bc6 21.Nxc5 bxc5 22.Rd6 Rc8
23.b3 Kf7 24.Re1 Bd7 25.Ne4 Ke7 26.Ra6 Rcc7 27.Ra5 c4 28.Nc5 Rb6 29.bxc4 Bc8
30.Na4 Rb4 31.Nc3 Kf8 32.Nb5 Rcxc4 33.Nd6 Rc6 34.Nxc8 Rxc8 35.Rxa7 Rxf4 36.g3 Rf5
37.Rb1 h5 38.h4 Kg8 39.Rbb7 Rc1+ 40.Kg2 Rc2 41.Rxg7+ Kf8 42.Rh7 Rfxf2+ 43.Kg1 Rg2+
44.Kh1 Rh2+ 45.Kg1 Rhg2+  1/2-1/2

[Event "86th ch-ARG 2012"]
[Site "La Plata ARG"]
[Date "2012.07.07"]
[Round "4.11"]
[White "Barrionuevo,P"]
[Black "Vaquero,Diego Javier"]
[Result "0-1"]
[WhiteElo "2318"]
[BlackElo "2089"]

1.d4 d5 2.c4 e6 3.Nf3 Nf6 4.Nc3 Be7 5.Bf4 O-O 6.e3 c6 7.c5 Nbd7 8.h3 Re8
9.Be2 Nf8 10.O-O Ng6 11.Bh2 Bf8 12.Qc2 Nd7 13.e4 dxe4 14.Nxe4 Nf6 15.Nd6 Bxd6
16.Bxd6 Nd5 17.Qe4 Qf6 18.Bd3 Bd7 19.Ne5 Rad8 20.g3 Bc8 21.h4 Qf5 22.Qg2 Qh5
23.Nf3 Qg4 24.Rad1 f5 25.Ne5 Nxe5 26.Bxe5 Rf8 27.f3 Qh5 28.Rde1 Rf7 29.Bc4 h6
30.Bd6 Qg6 31.Re5 Kh8 32.Rfe1 Bd7 33.Kh2 Qf6 34.Bxd5 cxd5 35.f4 Kh7 36.Qh3 Rg8
37.Kg2 Rc8 38.b4 Kg8 39.Kf2 Kh7 40.Qh2 g6 41.Qh1 Rg8 42.Qf3 Qd8 43.Qa3 a6
44.Qe3 Qc8 45.Qb3 Qc6 46.Ra1 b5 47.Rae1 Ra8 48.Qc3 Bc8 49.R1e2 Bd7 50.a3 Bc8
51.Qe1 h5 52.Rxe6 Bxe6 53.Rxe6 Qd7 54.Qe5 Qb7 55.Be7 Rc8 56.Bg5 a5 57.Qd6 Rg7
58.c6 Qa7 59.Qxd5 axb4 60.axb4 Qa4 61.Qc5 Qd1 62.d5 Ra8 63.Re2 Ra1 64.Qc2 Qg1+
65.Kf3 Rf1+ 66.Rf2 Ra7 67.Rxf1 Qxf1+ 68.Ke3 Qg1+ 69.Kd2 Ra2 70.Qxa2 Qf2+
71.Kd3 Qxa2 72.Kd4 Qc4+ 73.Ke5 Kg7 74.Be7 Kf7 75.Bc5  0-1

[Event "4th Rethymno Open"]
[Site "Rethymno GRE"]
[Date "2012.07.07"]
[Round "1.19"]
[White "Richter,Mic"]
[Black "Serefidou,D"]
[Result "1-0"]
[WhiteElo "2486"]
[BlackElo "1856"]

1.d4 d5 2.c4 e6 3.Nf3 Nf6 4.Nc3 Be7 5.Bf4 c6 6.e3 O-O 7.Rc1 Nbd7 8.h3 a6
9.cxd5 Nxd5 10.Nxd5 exd5 11.a3 c5 12.dxc5 Nxc5 13.Be2 Bf5 14.O-O Rc8 15.Nd4 Bd7
16.Bf3 Ba4 17.b3 Bc6 18.Nxc6 bxc6 19.Be5 Ne6 20.Bb2 Qb6 21.Bg4 Rcd8 22.Qc2 Rc8
23.Rfd1 Rfd8 24.Bf5 Rb8 25.Bxh7+ Kf8 26.b4 a5 27.Bf5 Ng5 28.h4  1-0

[Event "2nd Polugaevsky Mem"]
[Site "Samara RUS"]
[Date "2012.07.07"]
[Round "3.25"]
[White "Palachev,P"]
[Black "Aseeva,A"]
[Result "1-0"]
[WhiteElo "2287"]
[BlackElo "2012"]

1.c4 Nf6 2.Nf3 e6 3.Nc3 d5 4.d4 Be7 5.Bf4 c6 6.e3 O-O 7.h3 Ne4 8.Bd3 f5 9.O-O Nd7
10.Nd2 Kh8 11.f3 Nxd2 12.Qxd2 dxc4 13.Bxc4 Nb6 14.Bb3 Nd5 15.Be5 Bf6 16.Bxf6 Nxf6
17.Rad1 Qc7 18.e4 Bd7 19.exf5 exf5 20.Rfe1 Rae8 21.Rxe8 Rxe8 22.Re1 Qd6 23.Rxe8+ Bxe8
24.Qe3 b6 25.Kf2 g6 26.Qe5 Qxe5 27.dxe5 Nd7 28.f4 Nc5 29.Bc2 Ne6 30.Ke3 h5
31.Ne2 c5 32.Bb3 Bd7 33.Bxe6 Bxe6 34.Nc3 Kg7 35.Nb5 a6 36.Nc3 b5 37.a3 Bc4
38.b4 cxb4 39.axb4 Bf1 40.Kf2 Bc4 41.h4 Kf7 42.Ke3 Ke7 43.Kd4 Ke6 44.g3 Bb3
45.Kc5 Bc4 46.Nd1 Be2 47.Ne3 Bf3 48.Nc2 Kd7 49.Kb6 Be4 50.Nd4 Bd3 51.Kxa6 Kc7
52.Ka5 Bc4 53.Nxb5+ Kd7 54.Nd4 Kc7 55.b5 Kb7 56.Kb4 Bf7 57.e6 Be8 58.Kc5 Kc7
59.b6+ Kb7 60.Nb5  1-0

[Event "8th RUS-CHN Summit Men Rapid"]
[Site "St Petersburg RUS"]
[Date "2012.07.07"]
[Round "4"]
[White "Ding Liren"]
[Black "Matlakov,M"]
[Result "1/2-1/2"]
[WhiteElo "2680"]
[BlackElo "2668"]

1.Nf3 d5 2.d4 Nf6 3.c4 e6 4.Nc3 Be7 5.Bf4 O-O 6.e3 Nbd7 7.c5 Nh5 8.Bd3 Nxf4
9.exf4 c6 10.O-O b6 11.b4 a5 12.a3 Qc7 13.g3 Ba6 14.Bxa6 Rxa6 15.Qe2 Ra7
16.f5 axb4 17.axb4 Rxa1 18.Rxa1 e5 19.Nxe5 Nxe5 20.dxe5 bxc5 21.b5 d4 22.b6 Qxb6
23.Ne4 Qd8 24.f6 gxf6 25.Qg4+ Kh8 26.Ra7 fxe5 27.Qf5 f6 28.Rd7 Qe8 29.Qe6 Bd8
30.Qxe8 Rxe8 31.Nd6 Rf8 32.Rxd8 Rxd8 33.Nf7+ Kg8 34.Nxd8 c4 35.Kf1 c3 36.Ke2 e4
37.Nb7 d3+ 38.Ke3 c2 39.Kd2 f5 40.Nd6 Kg7 41.Nxf5+ Kf6 42.Ne3 Ke5 43.h4 c5
44.g4 Kf4 45.g5 Kf3 46.h5 Kxf2 47.Ng4+ Kf3 48.g6 hxg6 49.hxg6 c1=Q+ 50.Kxc1 Ke2
51.g7 d2+ 52.Kb2 d1=Q 53.g8=Q Qd4+ 54.Kc2  1/2-1/2

[Event "119th ch-SCO 2012"]
[Site "Glasgow SCO"]
[Date "2012.07.08"]
[Round "2.40"]
[White "Quinn,Da"]
[Black "Brown,Allan D"]
[Result "1-0"]
[WhiteElo "1969"]
[BlackElo "1806"]

1.d4 Nf6 2.c4 e6 3.Nc3 d5 4.Nf3 Be7 5.Bf4 c6 6.e3 Nbd7 7.Bd3 Nh5 8.Be5 Nxe5
9.dxe5 g6 10.g4 Ng7 11.Ke2 b6 12.Qc2 Bb7 13.Rad1 Qc7 14.cxd5 cxd5 15.Bb5+ Kf8
16.Rc1 Rc8 17.Qa4 Qb8 18.Nd4 Ne8 19.Bd7 Rc4 20.Qb3 Qxe5 21.f4 Qb8 22.Ncb5 Nf6
23.Bc6 Rb4 24.Qc3 Ne4 25.Nxe6+ fxe6 26.Qxh8+ Kf7 27.Qxh7+ Kf6 28.b3 Qc8 29.Bxb7 Qxb7
30.Rc7  1-0

[Event "2nd Polugaevsky Mem"]
[Site "Samara RUS"]
[Date "2012.07.08"]
[Round "4.39"]
[White "Afanasiev,D2"]
[Black "Zernov,Egor"]
[Result "1-0"]
[WhiteElo "2068"]
[BlackElo "1498"]

1.d4 d5 2.c4 e6 3.Nc3 Be7 4.Nf3 Nf6 5.Bf4 b6 6.Qa4+ Bd7 7.Qb3 dxc4 8.Qxc4 Bd6
9.Bg5 Be7 10.e4 Bc6 11.Ne5 Bb7 12.Qa4+ Nfd7 13.Be3 O-O 14.Nxd7 Qxd7 15.Bb5 Qd8
16.O-O a6 17.Be2 b5 18.Qc2 Nc6 19.Rfd1 Bb4 20.d5 exd5 21.Nxd5 Qc8 22.f4 Re8
23.Bf3 Ba5 24.Bc5 b4 25.a3 Qb8 26.axb4 Bb6 27.Nxb6 cxb6 28.Bd6 Qc8 29.Rac1 Qe6
30.e5 Rac8 31.Qf2 b5 32.Qb6 Nd8 33.Bxb7 Rb8 34.f5 Rxb7 35.Qxb7 Nxb7 36.fxe6 fxe6
37.Rc7  1-0

[Event "8th RUS-CHN Summit Men Rapid"]
[Site "St Petersburg RUS"]
[Date "2012.07.08"]
[Round "10"]
[White "Wang Hao"]
[Black "Matlakov,M"]
[Result "1/2-1/2"]
[WhiteElo "2739"]
[BlackElo "2668"]

1.d4 d5 2.c4 e6 3.Nc3 Be7 4.Nf3 Nf6 5.Bf4 O-O 6.e3 Nbd7 7.c5 Nh5 8.Be2 Nxf4
9.exf4 c6 10.O-O b6 11.b4 a5 12.a3 Qc7 13.g3 Bf6 14.Ne5 Bxe5 15.fxe5 Ba6
16.Bxa6 Rxa6 17.Qd3 Ra7 18.f4 Rfa8 19.Rac1 axb4 20.axb4 bxc5 21.bxc5 f5 22.exf6 Nxf6
23.Qe2 Qd7 24.Rfe1 Kf7 25.Rb1 Ra3 26.Qc2 Qa7 27.Rb6 Qa5 28.Rc1 Ra1 29.Kg2 Rxc1
30.Qxc1 Ne4 31.Nxe4 dxe4 32.Qc2 Qe1 33.Rb7+ Kg6 34.Qc4 Kf6 35.f5 Qd2+ 36.Kh3 Qh6+
37.Kg2 Qd2+ 38.Kh3  1/2-1/2

[Event "7th Wroclaw Open A"]
[Site "Wroclaw POL"]
[Date "2012.07.08"]
[Round "7.6"]
[White "Cyborowski,L"]
[Black "Kaunas,K"]
[Result "1-0"]
[WhiteElo "2555"]
[BlackElo "2247"]

1.c4 e6 2.Nc3 d5 3.d4 Be7 4.Bf4 Nf6 5.Nf3 O-O 6.e3 Nbd7 7.c5 c6 8.Bd3 b6
9.b4 a5 10.a3 Bb7 11.h3 Qc8 12.O-O axb4 13.axb4 bxc5 14.bxc5 Ba6 15.Bxa6 Rxa6
16.Qe2 Rxa1 17.Rxa1 Qb7 18.Qa6 Qb4 19.Ne2 Qb2 20.Re1 e5 21.Bxe5 Bxc5 22.Bxf6 Bb4
23.Bxg7 Kxg7 24.Rf1 Nf6 25.Ng3 Qc2 26.Ne5 c5 27.Nd3 Qc4 28.Nf5+ Kg6 29.Ne5+  1-0

[Event "World Blitz Final"]
[Site "Astana KAZ"]
[Date "2012.07.09"]
[Round "9"]
[White "Andreikin,D"]
[Black "Radjabov,T"]
[Result "1-0"]
[WhiteElo "2700"]
[BlackElo "2788"]

1.d4 d5 2.Nf3 e6 3.c4 Be7 4.Nc3 Nf6 5.Bf4 O-O 6.e3 Nbd7 7.c5 Nh5 8.Bd3 Nxf4
9.exf4 b6 10.b4 a5 11.a3 c6 12.O-O Qc7 13.g3 Ba6 14.Re1 Bxd3 15.Qxd3 g6 16.h4 Kg7
17.Ng5 Bf6 18.h5 axb4 19.axb4 bxc5 20.bxc5 Rxa1 21.Rxa1 Bxg5 22.fxg5 e5 23.Ne2 Re8
24.Qf3 exd4 25.Nxd4 Kg8 26.h6 Qe5 27.Ra7 Qxd4 28.Rxd7 Rf8 29.Rc7 Qe5 30.Qf6 Qxf6
31.gxf6 d4 32.Rxc6 Rd8 33.Rd6 Rc8 34.Rxd4 Kf8 35.Rd5 Ke8 36.g4 Ra8 37.g5 Ra4
38.Kf1 Re4 39.c6 Rc4 40.Rd6 Rc2 41.Ke1 Rc5 42.Kd2 Rc4 43.Kd3 Rc1 44.Kd4 Rc2
45.f4 Rc1 46.Ke3 Rc2 47.Kd3 Rc1 48.Kd2 Rc4 49.Ke2 Rc1 50.f5 gxf5 51.g6 fxg6
52.Rd7 Rxc6 53.Rxh7 Rc2+ 54.Kf3 Rh2 55.Kf4 Rh5 56.Ke5 Kf8 57.Ke6 Kg8 58.Rg7+ Kf8
59.h7  1-0

[Event "6th LCT GpA 2012"]
[Site "Leiden NED"]
[Date "2012.07.10"]
[Round "5.10"]
[White "Vrublevskaya,O"]
[Black "Van der Wiel,J"]
[Result "1/2-1/2"]
[WhiteElo "2129"]
[BlackElo "2430"]

1.d4 Nf6 2.c4 e6 3.Nf3 d5 4.Nc3 Be7 5.Bf4 O-O 6.e3 c5 7.dxc5 Bxc5 8.Qc2 Nc6
9.a3 Qa5 10.Rd1 Be7 11.Be2 dxc4 12.Bxc4 b6 13.O-O Bb7 14.Nb5 Rfc8 15.Nc7 Rab8
16.Nb5 Ra8 17.Nc7 Rab8 18.Nb5  1/2-1/2

[Event "35th Barbera Open A"]
[Site "Barbera del Valles ESP"]
[Date "2012.07.12"]
[Round "9.22"]
[White "Ivakhinova,I"]
[Black "Barbero Senidic,A"]
[Result "1-0"]
[WhiteElo "2306"]
[BlackElo "2370"]

1.d4 d5 2.c4 e6 3.Nf3 Nf6 4.Nc3 Be7 5.Bf4 O-O 6.e3 c5 7.dxc5 Bxc5 8.Qc2 Nc6
9.Rd1 Qb6 10.a3 dxc4 11.Bxc4 Bd7 12.O-O Rfd8 13.Na4 Qa5 14.Bxe6 Be7 15.Bxd7 Nxd7
16.b4 Qh5 17.Nc5 Nde5 18.Nxe5 Rxd1 19.Rxd1  1-0

[Event "Turkish Bank Chess League 2012"]
[Site "Konya TUR"]
[Date "2012.07.12"]
[Round "2"]
[White "Gagunashvili,M"]
[Black "Kose,S"]
[Result "1-0"]
[WhiteElo "2578"]
[BlackElo "2117"]

1.d4 d5 2.c4 e6 3.Nf3 Nf6 4.Nc3 Be7 5.Bf4 O-O 6.e3 c6 7.Bd3 dxc4 8.Bxc4 b5
9.Bd3 a6 10.O-O Bb7 11.Rc1 Nbd7 12.Ne4 Nxe4 13.Bxe4 Rc8 14.Nd2 Qb6 15.Qc2 f5
16.Bf3 c5 17.Bxb7 Qxb7 18.Qb3 Rf6 19.a4 g5 20.Be5 Rg6 21.Rfd1 Qc6 22.axb5 axb5
23.e4 Rf8 24.d5 Qb6 25.d6 Bd8 26.exf5 Rxf5 27.Bg3 h5 28.Re1 c4 29.Qc2 h4
30.Rxe6 Rgf6 31.Re8+ Kg7 32.Ne4 hxg3 33.hxg3 Rf7 34.g4 Rf4 35.Ng3 Nf6 36.Re6 Rxf2
37.Qxf2 Qxf2+ 38.Kxf2 Ne4+ 39.Ke3 Nxg3 40.Kd4 Bf6+ 41.Kc5 Bxb2 42.Rc2 Bf6
43.Kxb5 c3 44.Kc6 Ra7 45.Rf2 Bd8 46.Re8 Ra4 47.Kb5 Rd4 48.Rxd8 Ne4 49.Rc2 Rd2
50.Rc1 Nxd6+ 51.Kb4 Ne4 52.Re8 Re2 53.Rf1 Kg6 54.Re6+ Kg7 55.Re5 Kg6 56.Ka3 Kg7
57.Rff5 Re1 58.Kb3 Re2 59.Rxg5+ Kf6 60.Rgf5+ Kg6 61.Re6+ Kg7 62.Rfe5 Rb2+
63.Ka3 Nd2 64.Rc5 Nb1+ 65.Ka4 Kf7 66.Rh6 Kg7 67.Rd6 Ra2+ 68.Kb5 Rb2+ 69.Ka6 Ra2+
70.Kb7 Rd2 71.Rc7+ Kf8 72.Rcd7 Ke8 73.Kc7  1-0

[Event "FSFMB July 2012"]
[Site "Budapest HUN"]
[Date "2012.07.13"]
[Round "7.5"]
[White "Balla,A"]
[Black "Benyeda,T"]
[Result "1/2-1/2"]
[WhiteElo "1782"]
[BlackElo "1623"]

1.d4 d5 2.c4 e6 3.Nf3 Be7 4.Nc3 Nf6 5.Bf4 c6 6.e3 O-O 7.Bd3 b6 8.Qc2 dxc4
9.Bxc4 Ba6 10.b3 b5 11.Bd3 b4 12.Ne2 Bxd3 13.Qxd3 a5 14.O-O Na6 15.Ne5 c5
16.Nc6 Qd7 17.Nxa5 Nc7 18.Nc4 Rad8 19.Ne5 Qd5 20.Nxf7 Rxf7 21.Bxc7 Rdf8 22.Nf4 Qd7
23.Be5 Ng4 24.Qc4 cxd4 25.exd4 Rxf4 26.Bxf4 Rxf4 27.Rad1 Kf7 28.Rfe1 Qd5
29.Qe2 Nf6 30.Qe3 Re4 31.Qd3 Rxe1+ 32.Rxe1 Bc5 33.Rd1 Bd6 34.Qc4 Qh5 35.Re1 Qxh2+
36.Kf1 Qh1+ 37.Ke2 Qh5+ 38.Kf1 Qh1+ 39.Ke2 Qh5+ 40.Kf1 Qh1+ 41.Ke2 Qh5+  1/2-1/2

[Event "TCh-CHN 2012"]
[Site "Tianjin CHN"]
[Date "2012.07.13"]
[Round "9"]
[White "Wang Hao"]
[Black "Wang Li"]
[Result "0-1"]
[WhiteElo "2733"]
[BlackElo "2400"]

1.c4 e6 2.Nc3 d5 3.d4 Be7 4.Nf3 Nf6 5.Bf4 c6 6.e3 O-O 7.Qc2 b6 8.Rd1 Bb7
9.Bd3 Nbd7 10.O-O h6 11.e4 dxe4 12.Nxe4 Nxe4 13.Bxe4 Nf6 14.Bd3 Bd6 15.Ne5 Qc7
16.Qc1 Nd7 17.Rfe1 Rfe8 18.Qe3 Nxe5 19.dxe5 Bf8 20.Qg3 Kh8 21.Bc2 Rad8 22.Rd6 Bxd6
23.exd6 Qd7 24.Be5 f5 25.b4 Qf7 26.h4 Kh7 27.c5 b5 28.Qf4 Bc8 29.Re3 g6 30.Ra3 a6
31.Qf3 Bb7 32.Re3 Rf8 33.Bc3 Rde8 34.Re5 Rg8 35.h5 Ref8 36.Bb3 Re8 37.Bd1 gxh5
38.Qxh5 Qxh5 39.Bxh5 Bc8 40.Re3 Bd7 41.Bf6 Ra8 42.Bf7 Rae8 43.Be5 Rgf8 44.Bh5 Ra8
45.Ra3 Rg8 46.Kh2 Rg5 47.Be2 Rag8 48.g3 Ra8 49.Kg2 Kg8 50.Bf4 Rg6 51.Bh5 Kh7
52.Kf3 Rgg8 53.Ke3 Kg7 54.Kd4 Rgb8 55.Be2 Kg6 56.Ke5 h5 57.Bd2 Rh8 58.Bf4 h4
59.gxh4 Rxh4 60.Rg3+ Kf7 61.Bf3 Rah8 62.Rg5 R8h7 63.a3 Rh8 64.Bd1 R8h7 65.a4 Rh8
66.axb5 axb5 67.Bf3 R8h7 68.Rg1 Rxf4 69.Kxf4 Kf6 70.Ke3 e5 71.Ra1 Rh3 72.Ke2 e4
73.Bg2 Rb3 74.Ra7 Ke6 75.Kd2 Rxb4 76.Bf1 Rb2+ 77.Ke3 Rc2 78.f3 Rc3+ 79.Kd4 Rxf3
80.Be2 Rg3 81.Ra8 Rg2 82.Ra2 Kf6 83.Rc2 Be6 84.Rd2 Bc4 85.Kc3 Rxe2  0-1

[Event "35th Taminco Open"]
[Site "Ghent BEL"]
[Date "2012.07.14"]
[Round "1.5"]
[White "Van der Stricht,G"]
[Black "Burnay,G"]
[Result "1-0"]
[WhiteElo "2403"]
[BlackElo "1836"]

1.d4 d5 2.c4 e6 3.Nf3 Nf6 4.Nc3 Be7 5.Bf4 c6 6.e3 Nbd7 7.Qc2 O-O 8.Bd3 dxc4
9.Bxc4 b5 10.Bd3 Bb7 11.O-O b4 12.Ne4 Nxe4 13.Bxe4 Nf6 14.Bd3 Rc8 15.Rfd1 h6
16.Qa4 Qb6 17.Ne5 Rfd8 18.Nc4 Qb5 19.Qxa7 Ra8 20.Qb6 Nd5 21.Qxb5 cxb5 22.Ne5 Nxf4
23.exf4 Ra5 24.Rac1 Bd6 25.Bb1 Ra6 26.f3 Bb8 27.Kf1 Rad6 28.Be4 Bd5 29.Bxd5 Rxd5
30.Nc6 Bxf4 31.Nxd8 Bxc1 32.Nc6 Bg5 33.Nxb4 Rd7 34.Ke2 Bf6 35.Ke3 g5 36.Rd3 Bd8
37.Rc3 Bb6 38.Rc8+ Kg7 39.Nc6 e5 40.Ke4 exd4 41.Kd3 Bc7 42.g3 h5 43.b3 h4
44.gxh4 gxh4 45.h3 Kf6 46.a4 bxa4 47.bxa4 Kf5 48.a5 Kf4 49.a6 Bb6 50.Rb8 Bc5
51.Rb5 Ba7 52.Rb7 Rd6 53.Rxf7+ Kg3 54.Nxa7 Rxa6 55.Nb5 Kxh3 56.Rg7 Kh2 57.Nxd4 h3
58.f4 Kh1 59.Nf3 Ra3+ 60.Ke4  1-0

[Event "34th Oberwart Open A"]
[Site "Oberwart AUT"]
[Date "2012.07.14"]
[Round "8.23"]
[White "Huber,Mart AUT"]
[Black "Hofbauer,P"]
[Result "1-0"]
[WhiteElo "2189"]
[BlackElo "2047"]

1.d4 d5 2.c4 e6 3.Nf3 Nf6 4.Nc3 Be7 5.Bf4 O-O 6.Rc1 a6 7.e3 Nbd7 8.cxd5 exd5
9.Bd3 c5 10.dxc5 Nxc5 11.Bb1 Bg4 12.h3 Bxf3 13.Qxf3 Qa5 14.O-O Na4 15.Nxa4 Qxa4
16.Rc7 Rfe8 17.Rxb7 Ne4 18.Rc1 Bf6 19.Qh5 Rad8 20.Qxf7+ Kh8 21.f3 Nd2 22.Bxh7 Rc8
23.Bc2 Rxc2 24.Rxc2 Qxc2 25.Qxe8+ Kh7 26.Qh5+  1-0

[Event "4th Rethymno Open"]
[Site "Rethymno GRE"]
[Date "2012.07.14"]
[Round "9.3"]
[White "Banikas,H"]
[Black "Shyam,SM"]
[Result "1/2-1/2"]
[WhiteElo "2626"]
[BlackElo "2486"]

1.d4 d5 2.c4 e6 3.Nf3 Nf6 4.Nc3 Be7 5.Bf4 O-O 6.Rc1 Nbd7 7.e3 c5 8.cxd5 Nxd5
9.Nxd5 exd5 10.dxc5 Nxc5 11.a3  1/2-1/2

[Event "Turkish Bank Chess League 2012"]
[Site "Konya TUR"]
[Date "2012.07.16"]
[Round "7"]
[White "Kazimova,N"]
[Black "Gurcan,A"]
[Result "1-0"]
[WhiteElo "2198"]
[BlackElo "1657"]

1.Nf3 d5 2.d4 e6 3.c4 Be7 4.Nc3 Nf6 5.Bf4 O-O 6.e3 c6 7.Qc2 Nbd7 8.Rd1 Re8
9.h3 Nf8 10.a3 Ng6 11.Bh2 a5 12.Bd3 dxc4 13.Bxc4 Bd6 14.Ne5 Qc7 15.f4 b5
16.Bd3 Nd7 17.O-O b4 18.axb4 axb4 19.Ne4 Ndxe5 20.fxe5 Be7 21.d5 Qb6 22.Qxc6 Qxc6
23.dxc6 Ra2 24.Nd6 Rf8 25.Ra1 Rxa1 26.Rxa1 Bg5 27.Ra8 Bxe3+ 28.Kf1 Ne7 29.Nxc8 Rxc8
30.Rxc8+ Nxc8 31.Ba6 Ne7 32.c7 Bd4 33.b3 Kf8 34.c8=Q+ Nxc8 35.Bxc8 Ke8 36.Ke2 Kd8
37.Kd3 Bc3 38.Bb7 Kc7 39.Be4 h6 40.Kc4 Kd7 41.Bg1 Bxe5 42.Kxb4  1-0

[Event "6th Varna Open"]
[Site "Varna BUL"]
[Date "2012.07.17"]
[Round "6.26"]
[White "Triboulin,B"]
[Black "Iliyazova,Arzu"]
[Result "1-0"]
[WhiteElo "1694"]
[BlackElo "1510"]

1.d4 d5 2.c4 e6 3.Nc3 Nf6 4.Nf3 Be7 5.Bf4 c6 6.e3 Qb6 7.Qc2 dxc4 8.Bxc4 Nd5
9.Bg3 Nd7 10.O-O N7f6 11.Rfd1 Nh5 12.e4 Nxc3 13.Qxc3 Nxg3 14.hxg3 Bf6 15.Qa3 Be7
16.Qb3 Qxb3 17.Bxb3 O-O 18.d5 exd5 19.exd5 cxd5 20.Bxd5 Bf5 21.b3 Ba3 22.Rd2 Rab8
23.Ne5 Bb4 24.Rc2 b6 25.Nc6  1-0

[Event "FIDE WGP Jermuk 2012"]
[Site "Jermuk ARM"]
[Date "2012.07.18"]
[Round "2"]
[White "Koneru,H"]
[Black "Khurtsidze,N"]
[Result "1-0"]
[WhiteElo "2598"]
[BlackElo "2456"]

1.d4 d5 2.c4 e6 3.Nc3 Be7 4.Nf3 Nf6 5.Bf4 O-O 6.e3 c5 7.dxc5 Bxc5 8.a3 Nc6
9.Qc2 Qa5 10.O-O-O Be7 11.Nd2 Bd7 12.g4 e5 13.g5 Nh5 14.Nb3 Qc7 15.Nxd5 Qd8
16.Bg3 Bxg5 17.Be2 Nxg3 18.hxg3 h6 19.f4 Be7 20.g4 f5 21.g5 hxg5 22.Bh5 Be8
23.Qh2 exf4 24.exf4 Bf6 25.Bf3  1-0

[Event "Turkish Bank Chess League 2012"]
[Site "Konya TUR"]
[Date "2012.07.20"]
[Round "11"]
[White "Paikidze,N"]
[Black "Tsatsalashvili,K"]
[Result "1/2-1/2"]
[WhiteElo "2381"]
[BlackElo "2286"]

1.d4 Nf6 2.c4 e6 3.Nf3 d5 4.Nc3 Be7 5.Bf4 O-O 6.e3 c5 7.cxd5 Nxd5 8.Nxd5 Qxd5
9.a3 Nc6 10.dxc5 Qxc5 11.Rc1 Qa5+ 12.Qd2 Qxd2+ 13.Nxd2 e5 14.Bg3 Be6 15.Bc4 Bxc4
16.Nxc4 f6 17.Ke2 Rac8 18.a4 Rfd8 19.b3 Kf7 20.Rhd1 Ke6 21.f3 Rxd1 22.Rxd1 Rd8
23.Rxd8 Bxd8 24.Bf2 Na5  1/2-1/2

[Event "Turkish Bank Chess League 2012"]
[Site "Konya TUR"]
[Date "2012.07.20"]
[Round "11"]
[White "Gagunashvili,M"]
[Black "Ushenina,A"]
[Result "1-0"]
[WhiteElo "2578"]
[BlackElo "2452"]

1.d4 d5 2.c4 e6 3.Nf3 Nf6 4.Nc3 Be7 5.Bf4 O-O 6.e3 c5 7.dxc5 Bxc5 8.Qc2 Nc6
9.a3 Qa5 10.Nd2 Be7 11.Bg3 Bd7 12.Rd1 Rfc8 13.cxd5 exd5 14.Nb3 Qb6 15.Bd3 Be6
16.Rd2 a6 17.O-O h6 18.Qd1 Qa7 19.Bb1 b5 20.Bh4 Ne4 21.Nxe4 dxe4 22.Bxe7 Qxe7
23.Nd4 Nxd4 24.Rxd4 f5 25.Qd2 Rd8 26.Rd1 Rxd4 27.Qxd4 Ra7 28.Qe5 Bb3 29.Qb8+ Kh7
30.Rc1 Rd7 31.Qf4 Qc5 32.Re1 Rd1 33.Rxd1 Bxd1 34.h4 Bb3 35.Kh2 g6 36.g4 Be6
37.h5 g5 38.Qb8 Qc6 39.Qe5 Qd5 40.Qf6 Bf7 41.Qxf5+ Qxf5 42.gxf5 Bxh5 43.Bxe4 Kg7
44.Kg3 a5 45.Bd3 b4 46.axb4 axb4 47.e4 Bd1 48.f4 b3 49.e5 Bc2 50.f6+ Kf7
51.Bc4+ Kg6 52.fxg5 hxg5 53.f7 Kg7 54.Kg4 Bg6 55.e6 Bc2  1-0

[Event "Turkish Bank Chess League 2012"]
[Site "Konya TUR"]
[Date "2012.07.21"]
[Round "12"]
[White "Gurevich,M"]
[Black "Paichadze,L"]
[Result "1/2-1/2"]
[WhiteElo "2596"]
[BlackElo "2501"]

1.Nf3 d5 2.d4 Nf6 3.c4 e6 4.Nc3 Be7 5.Bf4 O-O 6.e3 Nbd7 7.c5 Nh5 8.Bd3 Nxf4
9.exf4 c6 10.O-O Qc7 11.g3 b6 12.b4 a5 13.a3 axb4 14.axb4 Bb7 15.Qc2 g6  1/2-1/2

[Event "27th Avoine Open"]
[Site "Avoine FRA"]
[Date "2012.07.22"]
[Round "2.12"]
[White "Navrotescu,C"]
[Black "Le Goff,R"]
[Result "1-0"]
[WhiteElo "2391"]
[BlackElo "2124"]

1.d4 d5 2.c4 e6 3.Nc3 Be7 4.Nf3 Nf6 5.Bf4 O-O 6.e3 Nbd7 7.c5 c6 8.Bd3 b6
9.b4 a5 10.a3 Re8 11.O-O Ba6 12.b5 Bb7 13.cxb6 Qxb6 14.bxc6 Qxc6 15.Qb1 Ba6
16.Nb5 Rec8 17.Ra2 Nb6 18.Ne5 Qe8 19.a4 Bb4 20.Rc1 Nxa4 21.Nc7 Rxc7 22.Rxc7 Nc3
23.Rxc3 Bxc3 24.Bxa6 Rxa6 25.Qb7 Ra8 26.Nc6 Kh8 27.Bb8 Rxb8 28.Qxb8 Qxb8
29.Nxb8 g6 30.Nc6 Kg7 31.Nxa5 Bxa5 32.Rxa5 Ne4 33.f3 Nd6 34.Kf2 h5 35.Ra7 Kf6
36.Rd7 Nf5 37.Ra7 Nd6 38.Ke2 Nf5 39.g3 g5 40.Kd3 g4 41.e4 Ng7 42.fxg4 dxe4+
43.Kxe4 hxg4 44.Ra5 Kg6 45.Kf4 f5 46.Ke5  1-0

[Event "Turkish Bank Chess League 2012"]
[Site "Konya TUR"]
[Date "2012.07.22"]
[Round "13"]
[White "Gagunashvili,M"]
[Black "Tregubov,P"]
[Result "1/2-1/2"]
[WhiteElo "2578"]
[BlackElo "2595"]

1.d4 d5 2.c4 e6 3.Nc3 Be7 4.Nf3 Nf6 5.Bf4 O-O 6.e3 b6 7.cxd5 Nxd5 8.Nxd5 Qxd5
9.a3 c5 10.dxc5 bxc5 11.Qc2 Ba6 12.Bxa6 Nxa6 13.O-O Qb7 14.Rfd1 Rad8 15.h3  1/2-1/2

[Event "5th Paleochora Open"]
[Site "Paleochora GRE"]
[Date "2012.07.22"]
[Round "8.9"]
[White "Maiorov,N1"]
[Black "Faibisovich,V"]
[Result "1/2-1/2"]
[WhiteElo "2574"]
[BlackElo "2372"]

1.d4 Nf6 2.c4 e6 3.Nc3 d5 4.Nf3 Be7 5.Bf4 O-O 6.e3 b6 7.Bd3 c5 8.cxd5 exd5
9.Ne5 Bb7 10.Qf3 Nc6 11.O-O cxd4 12.Nxc6 Bxc6 13.exd4 Qd7 14.Be5 Rae8 15.h3 Ne4
16.Rad1 f6 17.Bh2 f5 18.Be5 Bb4 19.Qf4 Bxc3 20.bxc3 Bb5 21.Rfe1 Bxd3 22.Rxd3 Rc8
23.Qc1 Qb5 24.Qc2 Qc6 25.Rc1 b5 26.Qb1 a6 27.f3 Nd6 28.Re1 Nc4 29.f4 Rce8
30.Rg3 Rf7 31.Qd3 Nd6 32.Rg5 Ne4 33.Rxe4 dxe4 34.Qg3 g6 35.h4 Re6 36.h5 Kf8
37.Qh4 Ke8 38.Qh3 Kd7 39.g4 fxg4 40.Rxg4 Kd8 41.Rg5 Rd7 42.Qg3 Rd5 43.hxg6 Rxg6
44.f5 Rxg5 45.Qxg5+ Kc8 46.f6 Qe6 47.Qg7 Rd7 48.Qf8+ Rd8 49.Qc5+ Kd7 50.Qc7+ Ke8
51.Qxh7 Qg4+ 52.Kf2 Qf3+ 53.Kg1 Qg4+ 54.Kf2 Qf3+ 55.Kg1  1/2-1/2

[Event "XIV ch-Gdansk Int 2012"]
[Site "Gdansk POL"]
[Date "2012.07.23"]
[Round "3.1"]
[White "Cyborowski,L"]
[Black "Zielinski,Wo"]
[Result "1-0"]
[WhiteElo "2555"]
[BlackElo "2122"]

1.c4 e6 2.d4 d5 3.Nf3 Nf6 4.Nc3 Be7 5.Bf4 O-O 6.e3 b6 7.cxd5 exd5 8.Bd3 c5
9.O-O Bg4 10.h3 Bh5 11.dxc5 bxc5 12.g4 Bg6 13.Bxg6 hxg6 14.g5 Ne4 15.Qxd5 Nxc3
16.Qxa8 Qb6 17.Ne5 Qxb2 18.Kg2 Qc2 19.Rac1 Qe4+ 20.Qxe4 Nxe4 21.h4 Rc8 22.Rfd1 Na6
23.Nc4 f6 24.Rd7 Bf8 25.f3  1-0

[Event "23rd Czech Open A"]
[Site "Pardubice CZE"]
[Date "2012.07.26"]
[Round "7.73"]
[White "Tomazini,A"]
[Black "Laubert,J"]
[Result "1-0"]
[WhiteElo "2340"]
[BlackElo "2108"]

1.d4 Nf6 2.Nf3 e6 3.c4 d5 4.Nc3 Be7 5.Bf4 O-O 6.e3 c5 7.dxc5 Bxc5 8.Qc2 Nc6
9.Rd1 Qa5 10.a3 Be7 11.Be2 dxc4 12.Bxc4 e5 13.Bg3 Bg4 14.O-O Rac8 15.Nd5 Bxf3
16.gxf3 b5 17.Bb3 Nxd5 18.Rxd5 Bf6 19.Qe4 Qb6 20.Rfd1 Ne7 21.Rd6 Qc5 22.h4 a5
23.R1d2 a4 24.Bc2 Ng6 25.h5 Qa7 26.hxg6 hxg6 27.Rd7 Qb6 28.Qb7 Qe6 29.Kg2 Qa2
30.Qxb5 Qa1 31.Rd1 Qa2 32.Bb1 Qa1 33.Bxg6 Rc1 34.Rxc1 Qxc1 35.Qd5  1-0

[Event "Open ch-BUL w 2012"]
[Site "Vratsa BUL"]
[Date "2012.07.26"]
[Round "5.1"]
[White "Schleining,Z"]
[Black "Voiska,M"]
[Result "0-1"]
[WhiteElo "2365"]
[BlackElo "2290"]

1.d4 d5 2.c4 e6 3.Nc3 Be7 4.Bf4 Nf6 5.Nf3 O-O 6.e3 Nbd7 7.a3 c5 8.cxd5 Nxd5
9.Nxd5 exd5 10.Bd3 c4 11.Bc2 b5 12.O-O Bb7 13.Ne5 Nxe5 14.dxe5 g6 15.Qg4 Qc8
16.Qg3 Rd8 17.Rad1 a5 18.Bg5 Bxg5 19.Qxg5 Re8 20.f4 Qd8 21.Qh6 Qe7 22.Kh1 Qf8
23.Qh4 Qe7 24.Qg3 Kg7 25.Rd4 Ra6 26.Rfd1 f6 27.exf6+ Qxf6 28.f5 Qe5 29.fxg6 hxg6
30.e4 Rf6 31.Qxe5 Rxe5 32.Kg1 dxe4 33.Rd7+ Rf7 34.Rxf7+ Kxf7 35.Rd7+ Re7
36.Rxe7+ Kxe7 37.Kf2 Kf6 38.Ke3 Ke5 39.h4 b4 40.axb4 axb4 41.g4 b3 42.Bb1 Bd5
43.h5 gxh5 44.gxh5 Kf5 45.Kd4 Kg5  0-1

[Event "45th Biel Masters Open"]
[Site "Biel SUI"]
[Date "2012.07.27"]
[Round "5"]
[White "Meier,Geo"]
[Black "Pavlovic,Milos"]
[Result "1-0"]
[WhiteElo "2644"]
[BlackElo "2530"]

1.d4 d5 2.c4 e6 3.Nf3 Be7 4.Nc3 Nf6 5.Bf4 O-O 6.e3 Nbd7 7.c5 Nh5 8.Bd3 b6
9.b4 Nxf4 10.exf4 a5 11.a3 c6 12.O-O Qc7 13.g3 Ba6 14.Bxa6 Rxa6 15.Qe2 Raa8
16.Kg2 Bf6 17.Qc2 Ra7 18.Rab1 axb4 19.axb4 Ra3 20.Ne2 Rfa8 21.Rb2 R3a4 22.Rd1 Nf8
23.h4 h5 24.Rc1 b5 25.Rd1 Ng6 26.f5 exf5 27.Qxf5 Ra2 28.Rxa2 Rxa2 29.Nc1 Ra3
30.Re1 Ne7 31.Qxh5 Qc8 32.Ng5 Bxg5 33.Qxg5 Nf5 34.Qf4 g6 35.h5 gxh5 36.Re5 Ng7
37.Qf6  1-0